000 00296nam a2200121Ia 4500
008 190902s9999||||xx |||||||||||||| ||und||
020 _a0-88022-884-9
100 _aDanesh, Motlagh
245 0 _aMastering Cold Fusion 4.5
260 _aIndia
_bThe McGraw-Hill
_c2000
300 _a1067
942 _cBK
999 _c2733
_d2733